000 00443nam a2200181Ia 4500
001 11763
005 20260306162852.0
008 260306t2022||||xx |||||||||||||| ||spa||
041 _aESP
082 _aHR 150
_bV. 12 N° 2 2022 RP
110 _aUniversidad Católica San Pablo
245 0 _aRevista de Psicología
260 _c2022
300 _a215 páginas :
_c23 cm.
650 _aGEN
654 _aCHU
942 _cREV
_dJUS
_fJUS
_2ddc
_n
999 _c11763
_d11763